00900nam a2200289Ia 4500008004000000020001800040041000800058082001700066100001600083245007900099260005100178300001200229650000900241650001400250650001100264650001500275650001300290650001100303650000900314650001400323650001500337690002400352700002200376906001100398999001900409952018200428210210b2016 xxu||||| |||| 00| 0 eng d a9789352033652 aeng a658.002 SINC aSINHA (S K) aComplete reference manual CMAT 2015-2016: common management admission test aNew DelhibArihant Publications Pvt Ltd.c2016 axiv,770 atest areference amanual amanagement aComplete acommon aCMAT aadmission a2015-2016: aManagement Entrance aSATYANARAYANA (S) a071326 c120651d120651 001040708ManagementaALbALcManagementd2021-02-17eBiblios Book Point, Surathkal-575014g635.00l6m1o658.002 SINCp071326r2025-10-16 15:22:14s2025-10-03w2021-02-17yBK